Jiným hlasem o rozdílné psychologii žen a mužů

Podrobná bibliografia
Hlavný autor: Gilligan, Carol (Autor)
Ďalší autori: Klimentová, Eva, prekladateľ (Prekladateľ)
Médium: Kniha
Jazyk:čeština
angličtina
Vydavateľské údaje: Praha Portál 2001
Vydanie:1. vyd.
Edícia:Spektrom
Predmet:

MARC

LEADER 00000nam a2200000 a 4500
001 vtls009877398
003 SK-MaSNL
005 20260301171851.0
008 251106s2001 xr 000 0 cze
020 |a 8071784028  |q (brož.) 
035 |a (SVKBBclas03)vtls000229398 
040 |a SNK  |b slo  |c SNK  |e AACR2 
041 1 |a cze  |h eng 
080 |a 159.922.1-055.2  |2 1981 
080 |a 159.923  |2 1981 
080 |a 159.922  |2 1981 
080 |a 159.923.32  |2 1981 
080 |a 17.025  |2 1981 
100 1 |a Gilligan, Carol  |4 aut  |9 540382 
245 1 0 |a Jiným hlasem  |b o rozdílné psychologii žen a mužů  |c Carol Gilligan ; z anglického originálu přeložila Eva Klimentová 
246 3 3 |a In a Different Voice 
250 |a 1. vyd. 
260 |a Praha  |b Portál  |c 2001 
300 |a 191 s.  |b pozn., bibliogr.  |c 21 cm 
490 1 |a Spektrom 
500 |a Preložené z angličtiny 
504 |a Obsahuje poznámky pod čiarou, bibliografiu 
520 3 |a Internet: www.portal.cz 
650 0 7 |a ženy  |2 hŠVKBB  |9 4865 
650 0 7 |a psychológia osobnosti  |2 hŠVKBB  |9 3576 
650 0 7 |a vývinová psychológia  |2 hŠVKBB  |9 780 
650 0 7 |a morálka  |x psychologické aspekty  |2 hŠVKBB  |9 324801 
700 1 |a Klimentová, Eva,  |c prekladateľ  |4 trl  |9 540383 
830 0 |a Spektrom  |9 540384 
999 |c 831735  |d 833665 
952 |a SNK  |b SNK  |y NEVYP  |7 1  |p 17A0296015  |o prac.  |i snkOKIS 98/2001  |z  ;   |0 0  |1 0  |4 0  |d 2001-04-19  |l 0  |r 2005-01-02 00:00:00  |w 2026-02-24